000 00405nab a2200145Ia 4500
003 ES-SlBCS
005 20210601125229.0
008 140529s1972 xxu||||| |||| 00| 0 eng d
041 _aeng
100 1 _aAbel, Reuben
_9155716
245 0 0 _aOn Form in Art
_c Reuben Abel
650 0 4 _aArte
_91831
773 0 _tPhilosophy and Phenomenological Research
_gvol. 32, 1972, págs. 371-376
_wRev1411
942 _cAR
999 _c526906
_d526906